<?xml version="1.0" encoding="UTF-8"?>
<record
    xmlns:xsi="http://www.w3.org/2001/XMLSchema-instance"
    xsi:schemaLocation="http://www.loc.gov/MARC21/slim http://www.loc.gov/standards/marcxml/schema/MARC21slim.xsd"
    xmlns="http://www.loc.gov/MARC21/slim">

  <leader>01061cam a2200265 a 4500</leader>
  <controlfield tag="001">ltf91050018 </controlfield>
  <controlfield tag="003">DLC</controlfield>
  <controlfield tag="005">20260227111553.0</controlfield>
  <controlfield tag="008">910520s1890    ii            001 d eng  </controlfield>
  <datafield tag="010" ind1=" " ind2=" ">
    <subfield code="a">ltf91050018 </subfield>
  </datafield>
  <datafield tag="040" ind1=" " ind2=" ">
    <subfield code="a">DLC</subfield>
    <subfield code="c">DLC</subfield>
  </datafield>
  <datafield tag="050" ind1="0" ind2="0">
    <subfield code="a">PK3796</subfield>
    <subfield code="b">.M2 1890</subfield>
  </datafield>
  <datafield tag="100" ind1="0" ind2=" ">
    <subfield code="a">K&#x101;lid&#x101;sa.</subfield>
  </datafield>
  <datafield tag="240" ind1="1" ind2="0">
    <subfield code="a">M&#x101;lavik&#x101;gnimitra</subfield>
  </datafield>
  <datafield tag="245" ind1="1" ind2="0">
    <subfield code="a">M&#x101;lavik&#x101;gnimitram /</subfield>
    <subfield code="c">K&#x101;lid&#x101;saviracitam ; K&#x101;&#x1E6D;ayavemabh&#x16B;paviracitena Kum&#x101;ragirir&#x101;j&#x12B;yena vy&#x101;khy&#x101;nena sametam ; K&#x101;&#x15B;&#x12B;n&#x101;tha P&#x101;&#x1E47;&#x1E0D;ura&#x1E45;ga Paraba ityanena vi&#x1E63;amapadavimar&#x15B;iny&#x101; &#x1E6D;ippa&#x1E47;y&#x101; sahita&#x1E43; sa&#x1E43;&#x15B;odhitam.</subfield>
  </datafield>
  <datafield tag="246" ind1="1" ind2="5">
    <subfield code="a">M&#xE2;lavik&#xE2;gnimitra of K&#xE2;lid&#xE2;sa</subfield>
  </datafield>
  <datafield tag="260" ind1=" " ind2=" ">
    <subfield code="a">Mumba&#x12B; :</subfield>
    <subfield code="b">Nir&#x1E47;ayas&#x101;garayantra,</subfield>
    <subfield code="c">1890.</subfield>
  </datafield>
  <datafield tag="300" ind1=" " ind2=" ">
    <subfield code="a">108, 44, 2 p. ;</subfield>
    <subfield code="c">21 cm.</subfield>
  </datafield>
  <datafield tag="500" ind1=" " ind2=" ">
    <subfield code="a">Play.</subfield>
  </datafield>
  <datafield tag="546" ind1=" " ind2=" ">
    <subfield code="a">In Sanskrit with notes in English.</subfield>
  </datafield>
  <datafield tag="500" ind1=" " ind2=" ">
    <subfield code="a">Includes index.</subfield>
  </datafield>
  <datafield tag="500" ind1=" " ind2=" ">
    <subfield code="a">LC copy: Weber Collection 1271; handwritten notes by Albrecht Weber.</subfield>
    <subfield code="5">DLC</subfield>
  </datafield>
  <datafield tag="700" ind1="1" ind2=" ">
    <subfield code="a">Paraba, K&#x101;&#x15B;&#x12B;n&#x101;tha P&#x101;&#x1E47;&#x1E0D;ura&#x1E45;ga.</subfield>
  </datafield>
  <datafield tag="700" ind1="0" ind2="2">
    <subfield code="a">K&#x101;&#x1E6D;ayavema,</subfield>
    <subfield code="d">active 14th century-15th century.</subfield>
    <subfield code="t">Kum&#x101;rar&#x101;j&#x12B;ya.</subfield>
  </datafield>
  <datafield tag="999" ind1=" " ind2=" ">
    <subfield code="c">37600</subfield>
    <subfield code="d">37600</subfield>
  </datafield>
</record>
